000
00339nam a2200157Ia 4500
003
OSt
005
20231107071123.0
008
170524s9999 xx 000 0 und d
020
_a
0471402400
040
_c
IIMT
100
_a
Toole
245
0
_a
Events corporate event
260
_b
John Wiley & Sons
260
_c
2002
942
_2
ddc
_c
02
999
_c
7009
_d
7009